Ride the sunrise / (Record no. 16639)

000 -LEADER
fixed length control field 01455cam a2200229Ia 4500
020 ## - INTERNATIONAL STANDARD BOOK NUMBER
ISBN 0663443830 (Student text)
020 ## - INTERNATIONAL STANDARD BOOK NUMBER
ISBN 0663444063 (Teacher's ed.)
020 ## - INTERNATIONAL STANDARD BOOK NUMBER
ISBN 0663443873 (Teacher's ed., skillpack masters)
020 ## - INTERNATIONAL STANDARD BOOK NUMBER
ISBN 0663443903 (Teacher's ed., study book)
020 ## - INTERNATIONAL STANDARD BOOK NUMBER
ISBN 0663443997 (Unit test, form A)
020 ## - INTERNATIONAL STANDARD BOOK NUMBER
ISBN 0663444020 (Unit test, form B)
040 ## - CATALOGING SOURCE
Transcribing agency TXA
082 ## - DEWEY DECIMAL CLASSIFICATION NUMBER
Classification number 372 GIN 1987 A108 Or.
100 1# - MAIN ENTRY--AUTHOR NAME
Personal name Clymer, Theodore
245 10 - TITLE STATEMENT
Title Ride the sunrise /
260 ## - PUBLICATION, DISTRIBUTION, ETC. (IMPRINT)
Place of publication Lexington, Mass. :
Name of publisher Ginn and Co.,
Year of publication c1987
300 ## - PHYSICAL DESCRIPTION
Number of Pages 527 p. :
Other physical details col. ill. ;
Dimensions 24 cm. +
Accompanying material teacher's ed. + teacher's ed., skillpack masters + teacher's ed., study book + unit tests (2 v.) + teacher's ed. II (box)
500 ## - GENERAL NOTE
General note Teacher's ed. II box contains manual and key for: Placement test, Informal reading inventory, Level test (levels 1-6), Mid-level test; Teacher's ed. booster activities (levels 2-6); Reading progress card; Pupil profile card; Management system user's manual (Apple version); Ginn reading program and Texas essential elements; Ginn reading program and Texas educational assessment of minimum skills; Ginn reading program: Materials chart and Scope and sequence; Teacher's eds. for: Wall charts, Language support masters, Reading skills support program, Parent/home newspaper, Parent/home activity sheets, Word card index; Ginn reading program bibliography
500 ## - GENERAL NOTE
General note Grade 5
650 #0 - SUBJECT ADDED ENTRY--TOPICAL TERM
Topical Term Readers (Elementary)
942 ## - ADDED ENTRY ELEMENTS (KOHA)
Koha item type សៀវភៅភាសាអង់គ្លេស
952 ## - LOCATION AND ITEM INFORMATION (KOHA)
Withdrawn status [LOCAL, KOHA] 0
Holdings
Permanent Location Date acquired Koha item type Lost status Shelving location Barcode Current Location Full call number
Library Block A2018-03-19សៀវភៅភាសាអង់គ្លេស A108A13690Library Block A372 GIN 1987 A108 Or.
មជ្ឈមណ្ឌលឯការនៃសាកលវិទ្យាល័យភូមិន្ទកសិកម្មចំការដូង

Powered by Koha